[Event "Eliminacje_Strefowe_OP_SL_2024_C13"]
[Site "?"]
[Date "2024.09.12"]
[Round "6.2"]
[White "Seemann, Adam"]
[Black "Czeremcha, Piotr"]
[Result "1/2-1/2"]
[BlackElo "1762"]
[WhiteElo "1731"]
[LiveChessVersion "1.4.8"]

1. e4 {[%clk 1:30:58]} c6 {[%clk 1:30:53]} 2. d4 {[%clk 1:31:20]} d5
{[%clk 1:31:17]} 3. exd5 {[%clk 1:31:45]} cxd5 {[%clk 1:31:39]} 4. Bd3
{[%clk 1:32:08]} Nc6 {[%clk 1:32:04]} 5. c3 {[%clk 1:32:34]} Nf6 {[%clk 1:32:29]}
6. Bf4 {[%clk 1:32:55]} Bg4 {[%clk 1:32:52]} 7. Qb3 {[%clk 1:33:19]} Qd7
{[%clk 1:33:17]} 8. Nd2 {[%clk 1:33:33]} e6 {[%clk 1:33:40]} 9. Ngf3
{[%clk 1:33:51]} Bd6 {[%clk 1:33:56]} 10. Bxd6 {[%clk 1:34:09]} Qxd6
{[%clk 1:34:21]} 11. O-O {[%clk 1:34:29]} O-O {[%clk 1:34:45]} 12. Rae1
{[%clk 1:34:51]} Ne7 {[%clk 1:31:26]} 13. Ne5 {[%clk 1:31:35]} Bf5
{[%clk 1:28:30]} 14. Re3 {[%clk 1:17:45]} Qc7 {[%clk 1:22:02]} 15. Qd1
{[%clk 1:07:09]} Bxd3 {[%clk 1:18:49]} 16. Rxd3 {[%clk 1:07:09]} b5
{[%clk 1:06:57]} 17. Rg3 {[%clk 0:46:23]} a5 {[%clk 1:02:36]} 18. Ng4
{[%clk 0:39:08]} Nxg4 {[%clk 0:47:25]} 19. Qxg4 {[%clk 0:39:34]} Ng6
{[%clk 0:47:12]} 20. h4 {[%clk 0:28:43]} Qf4 {[%clk 0:45:02]} 21. Qxf4
{[%clk 0:28:34]} Nxf4 {[%clk 0:44:55]} 22. Rf3 {[%clk 0:28:28]} Ng6
{[%clk 0:44:24]} 23. g3 {[%clk 0:28:10]} Ne7 {[%clk 0:43:33]} 24. Rc1
{[%clk 0:26:19]} Nf5 {[%clk 0:39:16]} 25. Rd3 {[%clk 0:21:13]} Nd6
{[%clk 0:36:30]} 26. Kg2 {[%clk 0:18:48]} Rfc8 {[%clk 0:35:09]} 27. Nb3
{[%clk 0:16:49]} Nc4 {[%clk 0:33:40]} 28. Rc2 {[%clk 0:16:33]} a4
{[%clk 0:26:00]} 29. Nc5 {[%clk 0:16:36]} Rc7 {[%clk 0:26:13]} 30. a3
{[%clk 0:15:46]} Kf8 {[%clk 0:26:04]} 1/2-1/2

[Event "Eliminacje_Strefowe_OP_SL_2024_C13"]
[Site "?"]
[Date "2024.09.12"]
[Round "6.3"]
[White "Rajbharath, Harjith"]
[Black "Zaglowek, Blazej"]
[Result "1-0"]
[BlackElo "1499"]
[WhiteElo "1813"]
[LiveChessVersion "1.4.8"]

1. d4 {[%clk 1:30:57]} d5 {[%clk 1:30:49]} 2. Nf3 {[%clk 1:31:20]} Nf6
{[%clk 1:31:03]} 3. c4 {[%clk 1:31:43]} e6 {[%clk 1:31:20]} 4. Nc3
{[%clk 1:32:06]} a6 {[%clk 1:31:13]} 5. cxd5 {[%clk 1:32:24]} exd5
{[%clk 1:31:33]} 6. Bg5 {[%clk 1:32:45]} Be6 {[%clk 1:31:28]} 7. Qb3
{[%clk 1:30:36]} Nbd7 {[%clk 1:28:36]} 8. e3 {[%clk 1:29:43]} Rb8
{[%clk 1:27:39]} 9. Bd3 {[%clk 1:28:46]} Bd6 {[%clk 1:23:58]} 10. Qc2
{[%clk 1:26:51]} c6 {[%clk 1:17:43]} 11. O-O {[%clk 1:26:02]} Qc7
{[%clk 1:16:26]} 12. e4 {[%clk 1:15:09]} dxe4 {[%clk 1:13:36]} 13. Nxe4
{[%clk 1:14:32]} Nxe4 {[%clk 1:11:41]} 14. Bxe4 {[%clk 1:14:53]} h6
{[%clk 1:04:04]} 15. Bh4 {[%clk 1:14:31]} O-O {[%clk 0:55:06]} 16. Rfe1
{[%clk 0:53:29]} Nb6 {[%clk 0:42:47]} 17. Ne5 {[%clk 0:46:02]} Rfe8
{[%clk 0:30:42]} 18. Bg3 {[%clk 0:43:45]} Nd7 {[%clk 0:25:14]} 19. a3
{[%clk 0:39:44]} Nf6 {[%clk 0:20:36]} 20. Bf3 {[%clk 0:38:18]} Bd5
{[%clk 0:19:40]} 21. Bxd5 {[%clk 0:36:40]} Nxd5 {[%clk 0:18:58]} 22. Qf5
{[%clk 0:35:49]} Re7 {[%clk 0:13:20]} 23. Re4 {[%clk 0:29:09]} Nf6
{[%clk 0:12:18]} 24. Re2 {[%clk 0:24:01]} Rbe8 {[%clk 0:10:03]} 25. Rae1
{[%clk 0:23:15]} Qb8 {[%clk 0:06:42]} 26. Bh4 {[%clk 0:21:13]} Re6
{[%clk 0:05:48]} 27. Re3 {[%clk 0:17:01]} Bxe5 {[%clk 0:04:58]} 28. dxe5
{[%clk 0:14:13]} Nd5 {[%clk 0:04:48]} 29. R3e2 {[%clk 0:08:42]} Qc7
{[%clk 0:04:17]} 30. Bg3 {[%clk 0:08:30]} Qe7 {[%clk 0:03:55]} 31. h3
{[%clk 0:08:27]} Qg5 {[%clk 0:03:08]} 32. Qd3 {[%clk 0:07:26]} Qe7
{[%clk 0:02:37]} 33. f4 {[%clk 0:07:09]} Qd7 {[%clk 0:01:35]} 34. f5
{[%clk 0:06:29]} R6e7 {[%clk 0:01:54]} 35. Qf3 {[%clk 0:05:59]} f6
{[%clk 0:00:42]} 36. e6 {[%clk 0:06:19]} Qd8 {[%clk 0:01:00]} 37. Qf2
{[%clk 0:05:45]} Kh8 {[%clk 0:00:37]} 38. Qc5 {[%clk 0:05:54]} Rg8 39. Qc2
{[%clk 0:04:19]} Kh7 {[%clk 0:00:39]} 40. Re4 {[%clk 0:04:02]} Kh8
{[%clk 0:00:39]} 41. Rh4 {[%clk 0:03:42]} Kh7 {[%clk 0:00:37]} 42. Kh1
{[%clk 0:03:43]} Kh8 {[%clk 0:00:33]} 43. Qd2 {[%clk 0:03:45]} Kh7
{[%clk 0:00:44]} 44. Qe2 {[%clk 0:03:55]} Rh8 {[%clk 0:00:39]} 45. Qg4
{[%clk 0:03:58]} Kg8 {[%clk 0:00:38]} 46. Rd1 {[%clk 0:03:24]} Kf8
{[%clk 0:00:34]} 47. Bf2 {[%clk 0:03:19]} b6 {[%clk 0:00:36]} 48. Qc4
{[%clk 0:03:30]} Qc8 {[%clk 0:00:39]} 49. Rxd5 {[%clk 0:03:51]} b5
{[%clk 0:00:41]} 50. Qc5 {[%clk 0:04:08]} 1-0

[Event "Eliminacje_Strefowe_OP_SL_2024_C13"]
[Site "?"]
[Date "2024.09.12"]
[Round "6.4"]
[White "Biela, Jan"]
[Black "Pawleta, Mateusz"]
[Result "0-1"]
[BlackElo "1767"]
[WhiteElo "1561"]
[LiveChessVersion "1.4.8"]

1. d4 {[%clk 1:30:54]} d5 {[%clk 1:30:52]} 2. c4 {[%clk 1:31:17]} e6
{[%clk 1:31:11]} 3. Nf3 {[%clk 1:31:37]} Nf6 {[%clk 1:31:33]} 4. g3
{[%clk 1:31:53]} c6 {[%clk 1:31:41]} 5. Qc2 {[%clk 1:31:53]} Be7 {[%clk 1:31:46]}
6. Bg2 {[%clk 1:31:46]} O-O {[%clk 1:31:59]} 7. O-O {[%clk 1:31:55]} Nbd7
{[%clk 1:32:15]} 8. Nbd2 {[%clk 1:30:34]} a5 {[%clk 1:28:56]} 9. e4
{[%clk 1:29:33]} b6 {[%clk 1:22:57]} 10. e5 {[%clk 1:22:29]} Ne8 {[%clk 1:23:06]}
11. b3 {[%clk 1:21:42]} Bb7 {[%clk 1:22:55]} 12. Bb2 {[%clk 1:20:45]} Rc8
{[%clk 1:21:41]} 13. Rac1 {[%clk 1:13:45]} c5 {[%clk 1:13:16]} 14. Rfd1
{[%clk 1:10:56]} g6 {[%clk 1:03:26]} 15. Nf1 {[%clk 1:08:13]} Ng7
{[%clk 0:53:48]} 16. cxd5 {[%clk 0:56:55]} Bxd5 {[%clk 0:47:12]} 17. Qd3
{[%clk 0:52:21]} cxd4 {[%clk 0:40:19]} 18. Bxd4 {[%clk 0:52:21]} Rxc1
{[%clk 0:34:50]} 19. Rxc1 {[%clk 0:52:30]} Ba3 {[%clk 0:34:58]} 20. Rd1
{[%clk 0:51:59]} Qa8 {[%clk 0:28:40]} 21. Ne1 {[%clk 0:49:59]} Bxg2
{[%clk 0:25:21]} 22. Nxg2 {[%clk 0:50:27]} Nf5 {[%clk 0:22:17]} 23. Qb5
{[%clk 0:47:12]} Nc5 {[%clk 0:14:41]} 24. Qxb6 {[%clk 0:42:08]} Qf3
{[%clk 0:08:10]} 25. Rd2 {[%clk 0:37:25]} Nxd4 {[%clk 0:07:25]} 26. Rxd4
{[%clk 0:37:21]} Ne4 {[%clk 0:07:33]} 27. Rd8 {[%clk 0:37:19]} Bc5
{[%clk 0:06:48]} 28. Rxf8+ {[%clk 0:37:08]} Kxf8 {[%clk 0:07:07]} 29. Qd8+
{[%clk 0:36:10]} Kg7 {[%clk 0:07:29]} 30. Nge3 {[%clk 0:35:17]} Qxf2+
{[%clk 0:07:41]} 31. Kh1 {[%clk 0:35:40]} Qf3+ {[%clk 0:07:55]} 32. Kg1
{[%clk 0:35:49]} Bxe3+ {[%clk 0:08:20]} 33. Nxe3 {[%clk 0:36:11]} Qxe3+
{[%clk 0:08:44]} 34. Kg2 {[%clk 0:36:32]} Qf2+ {[%clk 0:08:15]} 35. Kh3
{[%clk 0:36:53]} Qf1+ {[%clk 0:07:58]} 0-1

[Event "Eliminacje_Strefowe_OP_SL_2024_C13"]
[Site "?"]
[Date "2024.09.12"]
[Round "6.5"]
[White "Myslowski, Tomasz"]
[Black "Plowy, Karol"]
[Result "0-1"]
[BlackElo "1638"]
[WhiteElo "1457"]
[LiveChessVersion "1.4.8"]

1. e4 {[%clk 1:30:59]} c5 {[%clk 1:30:56]} 2. Nc3 {[%clk 1:31:23]} Nc6
{[%clk 1:31:17]} 3. f4 {[%clk 1:31:44]} g6 {[%clk 1:30:54]} 4. Nf3
{[%clk 1:31:58]} Bg7 {[%clk 1:29:11]} 5. Bb5 {[%clk 1:29:20]} Nd4
{[%clk 1:24:08]} 6. O-O {[%clk 1:20:17]} Nxb5 {[%clk 1:14:36]} 7. Nxb5
{[%clk 1:20:18]} a6 {[%clk 1:11:48]} 8. Nc3 {[%clk 1:18:50]} e6 {[%clk 1:06:27]}
9. d3 {[%clk 1:16:15]} Ne7 {[%clk 1:02:00]} 10. Be3 {[%clk 1:12:28]} b6
{[%clk 0:53:37]} 11. Qe1 {[%clk 0:52:30]} O-O {[%clk 0:44:17]} 12. Rd1
{[%clk 0:43:09]} d5 {[%clk 0:33:57]} 13. Bc1 {[%clk 0:42:08]} d4 {[%clk 0:25:57]}
14. Ne2 {[%clk 0:41:28]} Bb7 {[%clk 0:18:43]} 15. Qg3 {[%clk 0:25:41]} Rc8
{[%clk 0:12:30]} 16. Nh4 {[%clk 0:13:48]} f5 {[%clk 0:09:23]} 17. exf5
{[%clk 0:08:18]} Nxf5 {[%clk 0:09:27]} 18. Nxf5 {[%clk 0:08:32]} exf5
{[%clk 0:09:56]} 19. Qf2 {[%clk 0:06:05]} Qd5 {[%clk 0:09:17]} 20. b3
{[%clk 0:05:33]} Rfe8 {[%clk 0:08:22]} 21. Ng3 {[%clk 0:05:06]} Re7
{[%clk 0:07:45]} 22. Rfe1 {[%clk 0:03:55]} Rce8 {[%clk 0:07:59]} 23. Rxe7
{[%clk 0:04:12]} Rxe7 {[%clk 0:08:28]} 24. Rd2 {[%clk 0:04:26]} Kf7
{[%clk 0:04:27]} 25. Re2 {[%clk 0:04:46]} Rxe2 {[%clk 0:04:55]} 26. Qxe2
{[%clk 0:05:06]} Qe6 {[%clk 0:04:54]} 27. Qxe6+ {[%clk 0:04:57]} Kxe6
{[%clk 0:05:22]} 28. Nf1 {[%clk 0:05:21]} Kd5 {[%clk 0:04:12]} 29. Nd2
{[%clk 0:05:28]} b5 {[%clk 0:03:09]} 30. g3 {[%clk 0:05:41]} Kd6 {[%clk 0:03:12]}
31. Kf2 {[%clk 0:05:46]} Bf6 {[%clk 0:02:30]} 32. h4 {[%clk 0:05:53]} Bd8
{[%clk 0:02:17]} 33. Bb2 {[%clk 0:04:57]} Ba5 {[%clk 0:01:54]} 34. Bc1
{[%clk 0:05:15]} Bc3 {[%clk 0:01:38]} 35. Ke2 {[%clk 0:04:48]} Bd5
{[%clk 0:00:53]} 36. Kf2 {[%clk 0:03:05]} h5 {[%clk 0:01:10]} 37. Ke2
{[%clk 0:02:47]} a5 {[%clk 0:00:54]} 38. Kf2 {[%clk 0:02:22]} Kc6
{[%clk 0:01:04]} 39. Ke2 {[%clk 0:02:37]} Bg2 {[%clk 0:01:02]} 40. Kf2
{[%clk 0:02:06]} Bd5 {[%clk 0:01:29]} 41. Ke2 {[%clk 0:02:23]} a4
{[%clk 0:01:20]} 42. Kf2 {[%clk 0:00:32]} Kb6 {[%clk 0:01:05]} 43. Ke2
{[%clk 0:00:45]} Ka5 {[%clk 0:00:50]} 44. Kf2 {[%clk 0:00:34]} Kb4
{[%clk 0:00:38]} 45. Ke2 {[%clk 0:00:44]} Bc6 {[%clk 0:00:39]} 46. Kf2
{[%clk 0:01:01]} Bxd2 {[%clk 0:00:49]} 47. Bxd2+ {[%clk 0:00:37]} Ka3
{[%clk 0:01:00]} 48. bxa4 {[%clk 0:00:37]} bxa4 {[%clk 0:01:05]} 49. Ba5
{[%clk 0:00:55]} Kxa2 {[%clk 0:01:10]} 50. Bb6 {[%clk 0:01:22]} Kb2
{[%clk 0:01:00]} 51. Bxc5 {[%clk 0:01:40]} Kxc2 {[%clk 0:01:28]} 52. Bxd4
{[%clk 0:02:07]} Kxd3 {[%clk 0:01:56]} 53. Bc5 {[%clk 0:02:13]} Kc4
{[%clk 0:02:03]} 54. Bd6 {[%clk 0:02:21]} Kb3 {[%clk 0:02:25]} 55. Ke3
{[%clk 0:01:54]} a3 {[%clk 0:02:19]} 56. Bxa3 {[%clk 0:02:16]} Kxa3
{[%clk 0:02:47]} 57. Kd4 {[%clk 0:02:39]} Kb3 {[%clk 0:02:45]} 58. Ke5
{[%clk 0:03:01]} Bf3 {[%clk 0:02:57]} 59. Kf6 {[%clk 0:03:13]} Kc3
{[%clk 0:03:05]} 60. Kxg6 {[%clk 0:03:24]} Bg4 {[%clk 0:03:33]} 0-1

[Event "Eliminacje_Strefowe_OP_SL_2024_C13"]
[Site "?"]
[Date "2024.09.12"]
[Round "6.6"]
[White "Dudek, Bartlomiej"]
[Black "Rozycki, Tymoteusz"]
[Result "1/2-1/2"]
[BlackElo "1457"]
[WhiteElo "1558"]
[LiveChessVersion "1.4.8"]

1. e4 {[%clk 1:30:56]} e6 {[%clk 1:30:55]} 2. d4 {[%clk 1:31:16]} d5
{[%clk 1:31:21]} 3. exd5 {[%clk 1:31:23]} exd5 {[%clk 1:31:42]} 4. Nc3
{[%clk 1:31:36]} Nf6 {[%clk 1:31:55]} 5. Bd3 {[%clk 1:31:16]} Bd6
{[%clk 1:32:12]} 6. Bg5 {[%clk 1:31:01]} Be6 {[%clk 1:31:43]} 7. h3
{[%clk 1:30:15]} h6 {[%clk 1:31:30]} 8. Be3 {[%clk 1:30:37]} Nc6 {[%clk 1:31:13]}
9. Qf3 {[%clk 1:30:11]} a6 {[%clk 1:25:59]} 10. Nge2 {[%clk 1:28:31]} Qd7
{[%clk 1:22:07]} 11. O-O-O {[%clk 1:26:08]} Nb4 {[%clk 1:19:40]} 12. Rhe1
{[%clk 1:20:23]} Nxd3+ {[%clk 1:19:35]} 13. Rxd3 {[%clk 1:20:29]} O-O-O
{[%clk 1:18:15]} 14. Nf4 {[%clk 1:19:41]} Bb4 {[%clk 1:14:13]} 15. Nxe6
{[%clk 1:15:20]} fxe6 {[%clk 1:14:22]} 16. a3 {[%clk 1:13:39]} Bd6
{[%clk 1:11:35]} 17. Bf4 {[%clk 1:07:46]} Rhf8 {[%clk 1:05:47]} 18. Bxd6
{[%clk 1:06:31]} Qxd6 {[%clk 1:06:01]} 19. Qe2 {[%clk 1:06:18]} Rde8
{[%clk 1:06:02]} 20. f3 {[%clk 0:53:14]} Nh5 {[%clk 1:02:50]} 21. Qd2
{[%clk 0:50:24]} Kd7 {[%clk 0:52:50]} 22. Rde3 {[%clk 0:47:02]} Nf4
{[%clk 0:47:46]} 23. Na2 {[%clk 0:42:37]} b6 {[%clk 0:41:30]} 24. Nb4
{[%clk 0:42:09]} a5 {[%clk 0:40:10]} 25. Nd3 {[%clk 0:42:02]} Ng6
{[%clk 0:39:01]} 26. Ne5+ {[%clk 0:38:48]} Nxe5 {[%clk 0:39:13]} 27. Rxe5
{[%clk 0:38:54]} Rf5 {[%clk 0:36:37]} 28. Qd3 {[%clk 0:37:08]} Rxe5
{[%clk 0:36:37]} 29. Rxe5 {[%clk 0:37:23]} Qc6 {[%clk 0:35:23]} 30. Qg6
{[%clk 0:36:11]} Re7 {[%clk 0:35:40]} 1/2-1/2

[Event "Eliminacje_Strefowe_OP_SL_2024_C13"]
[Site "?"]
[Date "2024.09.12"]
[Round "6.7"]
[White "Furas, Pawel"]
[Black "Musial, Bartosz"]
[Result "0-1"]
[BlackElo "1508"]
[WhiteElo "1470"]
[LiveChessVersion "1.4.8"]

1. e4 {[%clk 1:30:59]} c5 {[%clk 1:30:57]} 2. c3 {[%clk 1:31:23]} d5
{[%clk 1:31:24]} 3. exd5 {[%clk 1:31:48]} Qxd5 {[%clk 1:31:41]} 4. d4
{[%clk 1:31:53]} g6 {[%clk 1:32:07]} 5. Na3 {[%clk 1:31:47]} cxd4
{[%clk 1:31:58]} 6. Nf3 {[%clk 1:30:50]} Qe4+ {[%clk 1:31:07]} 7. Be2
{[%clk 1:30:35]} dxc3 {[%clk 1:31:07]} 8. Nb5 {[%clk 1:29:00]} Na6
{[%clk 1:29:51]} 9. Nxc3 {[%clk 1:29:04]} Qe6 {[%clk 1:28:37]} 10. O-O
{[%clk 1:29:02]} Bd7 {[%clk 1:26:10]} 11. Re1 {[%clk 1:28:56]} Qc6
{[%clk 1:25:44]} 12. Bb5 {[%clk 1:24:49]} Qc8 {[%clk 1:24:12]} 13. Bf4
{[%clk 1:20:44]} Nf6 {[%clk 1:23:18]} 14. Bg5 {[%clk 1:17:53]} Bg7
{[%clk 1:23:19]} 15. Bxd7+ {[%clk 1:16:51]} Qxd7 {[%clk 1:23:18]} 16. Qxd7+
{[%clk 1:16:24]} Kxd7 {[%clk 1:23:34]} 17. Rad1+ {[%clk 1:15:40]} Ke8
{[%clk 1:21:28]} 18. Nd5 {[%clk 1:12:52]} Nxd5 {[%clk 1:21:29]} 19. Rxd5
{[%clk 1:13:13]} e6 {[%clk 1:21:00]} 20. Rd6 {[%clk 1:11:06]} h6 {[%clk 1:20:57]}
21. Be3 {[%clk 1:09:48]} Ke7 {[%clk 1:20:29]} 22. Rd2 {[%clk 1:09:04]} b6
{[%clk 1:20:09]} 23. Bd4 {[%clk 1:08:28]} Bxd4 {[%clk 1:19:53]} 24. Nxd4
{[%clk 1:08:49]} Rac8 {[%clk 1:20:09]} 25. Red1 {[%clk 1:08:19]} Nb8
{[%clk 1:18:32]} 26. Kf1 {[%clk 1:04:14]} Rhd8 {[%clk 1:17:27]} 27. Ke2
{[%clk 1:03:35]} e5 {[%clk 1:16:31]} 28. Nb5 {[%clk 1:02:51]} Rxd2+
{[%clk 1:15:41]} 29. Rxd2 {[%clk 1:03:13]} a6 {[%clk 1:15:36]} 30. Nd6
{[%clk 1:02:13]} Rd8 {[%clk 1:15:28]} 31. Ne4 {[%clk 1:02:27]} Rxd2+
{[%clk 1:15:32]} 32. Kxd2 {[%clk 1:02:49]} Ke6 {[%clk 1:15:44]} 33. Kd3
{[%clk 1:01:43]} f5 {[%clk 1:14:16]} 34. Nd2 {[%clk 1:01:59]} Nd7
{[%clk 1:12:45]} 35. Nc4 {[%clk 1:01:02]} b5 {[%clk 1:10:53]} 36. Na5
{[%clk 1:01:10]} Nc5+ {[%clk 1:10:45]} 37. Ke3 {[%clk 1:01:12]} Na4
{[%clk 1:10:58]} 38. b3 {[%clk 0:59:34]} Nc3 {[%clk 1:11:22]} 39. a3
{[%clk 0:59:57]} Nb1 {[%clk 1:11:31]} 40. Kd3 {[%clk 1:00:20]} Nxa3
{[%clk 1:07:35]} 41. Kc3 {[%clk 1:00:32]} Kd5 {[%clk 1:07:08]} 42. g3
{[%clk 1:00:32]} g5 {[%clk 1:04:07]} 43. Nb7 {[%clk 1:00:33]} f4 {[%clk 1:03:05]}
44. Nd8 {[%clk 1:00:29]} fxg3 {[%clk 1:01:50]} 45. hxg3 {[%clk 1:00:44]} g4
{[%clk 0:59:46]} 46. Nf7 {[%clk 1:00:49]} h5 {[%clk 1:00:02]} 47. Ng5
{[%clk 0:59:54]} a5 {[%clk 0:58:54]} 48. Kd3 {[%clk 0:59:53]} a4 {[%clk 0:58:49]}
49. bxa4 {[%clk 0:59:34]} bxa4 {[%clk 0:59:10]} 50. Kc3 {[%clk 0:59:58]} Nc4
{[%clk 0:59:26]} 51. Kc2 {[%clk 0:59:44]} a3 {[%clk 0:59:27]} 52. Kb3
{[%clk 1:00:00]} Nd2+ {[%clk 0:59:38]} 53. Kxa3 {[%clk 1:00:18]} Ne4
{[%clk 1:00:00]} 0-1

[Event "Eliminacje_Strefowe_OP_SL_2024_C13"]
[Site "?"]
[Date "2024.09.12"]
[Round "6.8"]
[White "Kowalik, Igor"]
[Black "Reterski, Wiktor"]
[Result "0-1"]
[BlackElo "1621"]
[WhiteElo "1501"]
[LiveChessVersion "1.4.8"]

1. e4 {[%clk 1:30:59]} c5 {[%clk 1:30:57]} 2. Nc3 {[%clk 1:31:22]} a6
{[%clk 1:31:22]} 3. f4 b5 {[%clk 1:31:42]} 4. Nf3 {[%clk 1:31:10]} Bb7
{[%clk 1:31:38]} 5. d3 {[%clk 1:31:29]} e6 {[%clk 1:31:44]} 6. g3
{[%clk 1:31:19]} d5 {[%clk 1:31:38]} 7. e5 {[%clk 1:30:06]} Be7 {[%clk 1:27:53]}
8. Bg2 {[%clk 1:29:10]} h5 9. h3 {[%clk 1:27:37]} Nh6 {[%clk 1:25:57]} 10. O-O
{[%clk 1:05:26]} Nf5 {[%clk 1:23:04]} 11. Ne2 {[%clk 1:05:18]} Qb6
{[%clk 1:17:59]} 12. Kh2 {[%clk 1:03:59]} Nc6 {[%clk 1:16:50]} 13. c3
{[%clk 1:02:35]} O-O-O {[%clk 1:14:42]} 14. d4 {[%clk 1:00:39]} c4
{[%clk 1:12:59]} 15. b3 {[%clk 0:59:41]} cxb3 {[%clk 1:11:23]} 16. axb3
{[%clk 0:58:39]} f6 {[%clk 1:09:35]} 17. Ba3 {[%clk 0:58:05]} Bxa3
{[%clk 1:08:59]} 18. Rxa3 {[%clk 0:56:33]} Ne3 {[%clk 1:08:53]} 19. Qc1
{[%clk 0:54:14]} Nxf1+ {[%clk 1:08:04]} 20. Bxf1 {[%clk 0:54:40]} fxe5
{[%clk 1:07:29]} 21. Nxe5 {[%clk 0:54:30]} Nxe5 {[%clk 1:07:40]} 22. fxe5
{[%clk 0:54:19]} Kb8 {[%clk 1:01:58]} 23. c4 {[%clk 0:52:37]} dxc4
{[%clk 1:00:50]} 24. bxc4 {[%clk 0:52:44]} bxc4 {[%clk 0:56:48]} 25. Qxc4
{[%clk 0:50:19]} Rhf8 {[%clk 0:54:57]} 26. Nf4 {[%clk 0:43:34]} Rxf4
{[%clk 0:54:01]} 27. gxf4 {[%clk 0:43:28]} Qb2+ {[%clk 0:54:17]} 28. Be2
{[%clk 0:41:57]} Qxa3 {[%clk 0:54:03]} 29. Qxe6 {[%clk 0:41:50]} Qe3
{[%clk 0:53:44]} 0-1

[Event "Eliminacje_Strefowe_OP_SL_2024_C13"]
[Site "?"]
[Date "2024.09.12"]
[Round "6.9"]
[White "Kaluza, Jakub"]
[Black "Kieca, Szymon"]
[Result "1-0"]
[BlackElo "1436"]
[WhiteElo "1655"]
[LiveChessVersion "1.4.8"]

1. e4 {[%clk 1:30:59]} c5 {[%clk 1:30:51]} 2. Nc3 {[%clk 1:31:17]} d6
{[%clk 1:31:04]} 3. g3 {[%clk 1:31:16]} Nf6 {[%clk 1:31:04]} 4. d3
{[%clk 1:31:33]} Nc6 {[%clk 1:31:02]} 5. Bg2 {[%clk 1:31:43]} Bg4
{[%clk 1:30:29]} 6. f3 {[%clk 1:28:47]} Bh5 {[%clk 1:30:05]} 7. Nge2
{[%clk 1:28:12]} e6 {[%clk 1:27:29]} 8. Nf4 {[%clk 1:26:43]} Bg6 {[%clk 1:26:54]}
9. O-O {[%clk 1:25:16]} Be7 {[%clk 1:26:02]} 10. Bh3 {[%clk 1:24:02]} Ne5
{[%clk 1:20:22]} 11. Be3 {[%clk 1:17:22]} Qd7 {[%clk 1:19:15]} 12. d4
{[%clk 1:11:43]} cxd4 {[%clk 1:10:58]} 13. Bxd4 {[%clk 1:09:35]} Nc4
{[%clk 1:08:09]} 14. b3 {[%clk 1:08:34]} Na5 {[%clk 1:08:05]} 15. Ncd5
{[%clk 1:05:07]} Nc6 {[%clk 1:03:32]} 16. Bb2 {[%clk 0:59:52]} Qd8
{[%clk 0:59:52]} 17. Nxe7 {[%clk 0:58:40]} Qb6+ {[%clk 0:58:07]} 18. Kh1
{[%clk 0:57:47]} Kxe7 {[%clk 0:58:16]} 19. c4 {[%clk 0:57:02]} Rhg8
{[%clk 0:53:55]} 20. Re1 {[%clk 0:55:21]} Rad8 {[%clk 0:49:03]} 21. Ba3
{[%clk 0:51:40]} Qd4 {[%clk 0:43:58]} 22. Qc2 {[%clk 0:50:10]} Ne5
{[%clk 0:42:16]} 23. Rad1 {[%clk 0:47:48]} Qb6 {[%clk 0:41:18]} 24. c5
{[%clk 0:47:20]} Qa5 {[%clk 0:38:02]} 25. Nxg6+ {[%clk 0:45:47]} hxg6
{[%clk 0:34:56]} 26. cxd6+ {[%clk 0:46:10]} Kd7 {[%clk 0:33:55]} 27. Bb4
{[%clk 0:43:01]} Qb6 {[%clk 0:30:49]} 28. Qc3 {[%clk 0:37:44]} Rc8
{[%clk 0:24:46]} 29. Qxe5 {[%clk 0:33:55]} Qxb4 {[%clk 0:24:59]} 30. Qb2
{[%clk 0:33:43]} Rc6 {[%clk 0:24:09]} 31. Re2 {[%clk 0:31:10]} Rgc8
{[%clk 0:20:10]} 32. Bg2 {[%clk 0:30:36]} Rc3 {[%clk 0:19:11]} 33. Qd2
{[%clk 0:27:21]} Qc5 {[%clk 0:17:41]} 34. h3 {[%clk 0:25:19]} Qe5
{[%clk 0:14:50]} 35. f4 {[%clk 0:22:57]} Qc5 {[%clk 0:13:57]} 36. Kh2
{[%clk 0:22:28]} Nh5 {[%clk 0:12:10]} 37. g4 {[%clk 0:21:03]} Nf6
{[%clk 0:10:59]} 38. Rf2 {[%clk 0:19:31]} Qb6 {[%clk 0:08:39]} 39. e5
{[%clk 0:18:02]} Ng8 {[%clk 0:08:44]} 40. Qe2 {[%clk 0:17:55]} R8c5
{[%clk 0:07:50]} 41. Rd2 {[%clk 0:17:53]} Nh6 {[%clk 0:07:13]} 42. Qe4
{[%clk 0:17:46]} Rc8 {[%clk 0:06:10]} 43. Qxb7+ {[%clk 0:17:42]} Qxb7
{[%clk 0:06:25]} 44. Bxb7 {[%clk 0:18:06]} Rh8 {[%clk 0:06:14]} 45. Kg2
{[%clk 0:18:04]} Rb8 {[%clk 0:06:17]} 46. Ba6 {[%clk 0:18:29]} Rb6
{[%clk 0:06:24]} 47. Bc4 {[%clk 0:18:53]} Ng8 {[%clk 0:06:08]} 48. a4
{[%clk 0:19:04]} f6 {[%clk 0:06:15]} 49. Rc2 {[%clk 0:19:01]} Re3
{[%clk 0:06:14]} 50. Rfe2 {[%clk 0:19:11]} Rxe2+ {[%clk 0:06:28]} 51. Bxe2
{[%clk 0:19:31]} Rxb3 {[%clk 0:06:40]} 52. Bb5+ {[%clk 0:19:45]} Kd8
{[%clk 0:06:52]} 53. Rc7 {[%clk 0:20:00]} g5 {[%clk 0:06:52]} 54. Rxa7
{[%clk 0:20:03]} gxf4 {[%clk 0:06:59]} 55. Ra8# {[%clk 0:20:23]} 1-0

[Event "Eliminacje_Strefowe_OP_SL_2024_C13"]
[Site "?"]
[Date "2024.09.12"]
[Round "6.11"]
[White "Karnowka, Kacper"]
[Black "Klepacz, Jakub"]
[Result "1-0"]
[BlackElo "1496"]
[WhiteElo "1507"]
[LiveChessVersion "1.4.8"]

1. e4 {[%clk 1:30:58]} e5 {[%clk 1:30:55]} 2. Nf3 {[%clk 1:31:26]} Nc6
{[%clk 1:31:19]} 3. Bc4 {[%clk 1:31:53]} Bc5 {[%clk 1:31:44]} 4. c3
{[%clk 1:32:07]} Nf6 {[%clk 1:32:09]} 5. d3 {[%clk 1:32:33]} h6 {[%clk 1:32:19]}
6. O-O {[%clk 1:32:54]} d6 {[%clk 1:32:44]} 7. d4 {[%clk 1:32:27]} exd4
{[%clk 1:31:57]} 8. cxd4 Bb6 9. d5 {[%clk 1:29:39]} Ne5 {[%clk 1:30:21]} 10. Nxe5
{[%clk 1:29:57]} dxe5 {[%clk 1:30:48]} 11. Be2 {[%clk 1:29:42]} Nxe4
{[%clk 1:28:08]} 12. Qa4+ {[%clk 1:29:44]} Bd7 {[%clk 1:25:50]} 13. Qxe4
{[%clk 1:29:46]} Qf6 {[%clk 1:26:05]} 14. Nc3 {[%clk 1:28:55]} a6
{[%clk 1:24:43]} 15. Be3 {[%clk 1:28:08]} Bxe3 {[%clk 1:21:11]} 16. Qxe3
{[%clk 1:28:23]} g5 {[%clk 1:21:02]} 17. Ne4 {[%clk 1:27:36]} Qg7
{[%clk 1:21:27]} 18. d6 {[%clk 1:27:39]} f5 {[%clk 1:20:46]} 19. Nc5
{[%clk 1:27:09]} f4 {[%clk 1:16:17]} 20. Bh5+ {[%clk 1:26:12]} Kd8
{[%clk 1:14:46]} 21. dxc7+ {[%clk 1:26:16]} Ke7 {[%clk 1:09:46]} 22. Qd2
{[%clk 1:25:44]} Bc6 {[%clk 1:08:48]} 23. Rad1 {[%clk 1:24:40]} Qf6
{[%clk 1:08:18]} 24. Nd7 {[%clk 1:24:52]} Qe6 {[%clk 1:07:50]} 25. Nb6
{[%clk 1:24:37]} Bxg2 1-0